Guess the Top 20 Colleges - Statistics

General Stats
  • This quiz has been taken 143 times
  • The average score is 10 of 20
Answers on the Grid
Answers color-coded by a green-red scale on the quiz's grid according to % correct below.
Princeton
Harvard
MIT
UChicago
Yale
UPennsylvania
Stanford
Columbia
CalTech
Duke
Dartmouth
Northwestern
Brown
Rice
Notre Dame
Vanderbilt
Cornell
WashU
Washington and Lee University
Williams College
Johns Hopkins
University of Florida
Boston University
NYU
New Paltz
Tufts University
Purdue University
Binghamton University
Rutgers University
URochester
UMiami
Stony Brook University
URichmond
Indiana Univerisity
Hunter College
UHouston
UArizona
UConn
Fordham University
Iona Univeristy
 
Answer Stats
Answer % Correct
MIT
73%
Yale
72%
Princeton
71%
Harvard
67%
Stanford
67%
UPennsylvania
63%
Cornell
62%
CalTech
61%
Brown
60%
Columbia
59%
Duke
59%
Dartmouth
54%
Northwestern
51%
Vanderbilt
45%
UChicago
44%
Notre Dame
43%
Rice
41%
WashU
19%
Williams College
14%
Washington and Lee University
12%
No matching quizzes found
Score Distribution
Percent of People with Each Score
Percentile by Number Answered
Your Score History
You have not taken this quiz